000 00317nam a2200121 i 4500
001 bg
245 0 _aTechniczne i ekonomiczne kryteria budownictwa wysokościowego :
_bstudia i materiały.
260 _aWarszawa,
_c1963.
040 _cBPK
041 _apol
942 _cKS
008 s pl f |000 0 pol
999 _c16780
_d16780
856 _uhttp://koha.tu.koszalin.pl/cgi-bin/koha/opac-detail.pl?biblionumber=16780
_yKatalog online BPK